<?xml version="1.0" encoding="UTF-8"?>
<record
    xmlns:xsi="http://www.w3.org/2001/XMLSchema-instance"
    xsi:schemaLocation="http://www.loc.gov/MARC21/slim http://www.loc.gov/standards/marcxml/schema/MARC21slim.xsd"
    xmlns="http://www.loc.gov/MARC21/slim">

  <leader>00465nam a22001697a 4500</leader>
  <datafield tag="999" ind1=" " ind2=" ">
    <subfield code="c">31826</subfield>
    <subfield code="d">31823</subfield>
  </datafield>
  <controlfield tag="003">OSt</controlfield>
  <controlfield tag="005">20200214105617.0</controlfield>
  <controlfield tag="008">200214b           ||||| |||| 00| 0 eng d</controlfield>
  <datafield tag="020" ind1=" " ind2=" ">
    <subfield code="a">9781905044146</subfield>
  </datafield>
  <datafield tag="040" ind1=" " ind2=" ">
    <subfield code="a">MMU</subfield>
    <subfield code="b">eng</subfield>
    <subfield code="c">MMU</subfield>
    <subfield code="d">MMU</subfield>
  </datafield>
  <datafield tag="050" ind1=" " ind2=" ">
    <subfield code="a">BV 375 .H47 2008</subfield>
  </datafield>
  <datafield tag="100" ind1=" " ind2=" ">
    <subfield code="a">Hession, Roy.</subfield>
  </datafield>
  <datafield tag="245" ind1=" " ind2=" ">
    <subfield code="a">The power of God's grace/</subfield>
    <subfield code="c">Roy Hession.</subfield>
  </datafield>
  <datafield tag="260" ind1=" " ind2=" ">
    <subfield code="a">England :</subfield>
    <subfield code="b">Rickfords hill publishing ltd.,</subfield>
    <subfield code="c">2008.</subfield>
  </datafield>
  <datafield tag="300" ind1=" " ind2=" ">
    <subfield code="a">viii, 173 p. :</subfield>
  </datafield>
  <datafield tag="942" ind1=" " ind2=" ">
    <subfield code="2">lcc</subfield>
    <subfield code="c">LOAN LOAN</subfield>
  </datafield>
  <datafield tag="952" ind1=" " ind2=" ">
    <subfield code="0">0</subfield>
    <subfield code="1">0</subfield>
    <subfield code="2">lcc</subfield>
    <subfield code="4">0</subfield>
    <subfield code="7">0</subfield>
    <subfield code="a">MMU001</subfield>
    <subfield code="b">MMU001</subfield>
    <subfield code="d">2020-02-14</subfield>
    <subfield code="e">Donation</subfield>
    <subfield code="l">1</subfield>
    <subfield code="o">BV 375 .H47 2008</subfield>
    <subfield code="p">17038013</subfield>
    <subfield code="r">2021-05-21 00:00:00</subfield>
    <subfield code="s">2021-01-12</subfield>
    <subfield code="w">2020-02-14</subfield>
    <subfield code="y">LOAN LOAN</subfield>
  </datafield>
</record>
